| 000 | 00387 a2200133 4500 | ||
|---|---|---|---|
| 003 | Nust | ||
| 005 | 20170207171744.0 | ||
| 040 | _cNust | ||
| 082 | _a799 | ||
| 245 | _aIftar /Dinner Sig Dte at Sig Officer Mess, Photographs-2016 | ||
| 260 |
_aRawalpindi _bMCS _c18-06-2016 |
||
| 650 | _aIftar /Dinner Sig Dte at Sig Officer Mess, Photographs-2016 DVD No.26 (Vol-VIII) | ||
| 651 | _aSweet Memories-MCS | ||
| 942 | _cBK | ||
| 999 |
_c218699 _d218699 |
||